000 00980nam a22002177a 4500
003 St Aloysius Coll
005 20260121150612.0
008 260119b |||||||| |||| 00| 0 eng d
020 _a9781408868232
040 _cAL
041 _aEnglish
082 _a158.2
_bMARI
100 _aAndrew G Marshall
_9251671
245 _aI love you but im not in love with you
_b: seven steps to saving your relationship
260 _aLondon
_bBloomsbury
_c2015
300 _a286p.
_bPB
_c17.5x13cm
365 _2General
_a5468
_b₹319.00
_c
_d₹399.00
_e20%
_f10/01/2026
520 _aFrom his research Andrew has devised his own unique programme. By looking at how a couple communicate, argue, share love, take responsibility, give and learn he offers in seven steps a reassuring and empowering map for how two individuals can better understand themselves, strengthen their bond and recover that lost magic.
650 _2Psychology
_aApplied Psychology
_9251672
942 _2ddc
_cBK
999 _c240788
_d240788